[Event "KOS-chT"]
[Site "Pristina"]
[Date "2025.05.26"]
[Round "4.3"]
[White "Pasko, Llambi"]
[Black "Ramaj, Ergit"]
[Result "1/2-1/2"]
[WhiteElo "2409"]
[BlackElo "2124"]
[PlyCount "110"]
[EventDate "2025.05.24"]
[EventType "team-tourn"]
[EventRounds "7"]
[EventCountry "KOS"]
[SourceTitle "CB23_2025"]
[SourceDate "2025.06.04"]
[SourceVersion "1"]
[SourceVersionDate "2025.06.04"]
[SourceQuality "1"]
[WhiteTeam "Drejtesia Trokadero"]
[BlackTeam "Rahoveci"]
[WhiteTeamCountry "KOS"]
[BlackTeamCountry "KOS"]

1. d4 Nf6 2. c4 c5 3. d5 b5 4. cxb5 a6 5. b6 e6 6. Nc3 Nxd5 7. Nxd5 exd5 8. Qxd5 Nc6 9. e4 Be7 10. Nf3 Rb8 11. Bd2 Rxb6 12. Bc3 0-0 13. Be2 d6 14. 0-0 Be6 15. Qd2 h6 16. Rfd1 Qb8 17. b3 Nb4 18. Qb2 f6 19. Nh4 Rc8 20. Bc4 Bxc4 21. bxc4 Nd5 22. Qd2 Nxc3 23. Qxc3 f5 24. Nxf5 Bf6 25. Qd3 Bxa1 26. Ne7+ Kf8 27. Nxc8 Qxc8 28. Rxa1 Qe6 29. Rc1 Qe5 30. g3 Ke7 31. Rd1 Rb2 32. a3 g5 33. Qf3 Qe6 34. Qc3 Re2 35. Qg7+ Qf7 36. Qxf7+ Kxf7 37. Rxd6 Rxe4 38. Rxh6 a5 39. Ra6 Rxc4 40. Rxa5 Ke6 41. Kf1 Kd5 42. Ke2 Ke4 43. Ra8 Rc2+ 44. Ke1 g4 45. a4 c4 46. a5 Ra2 47. a6 Kd3 48. Rd8+ Ke4 49. Rd6 c3 50. Kd1 Rxf2 51. a7 Ra2 52. Rd7 Kf3 53. Re7 c2+ 54. Kc1 Kg2 55. Rh7 Kg1 1/2-1/2

[Event "KOS-chT"]
[Site "Pristina"]
[Date "2025.05.24"]
[Round "1.3"]
[White "Bregu, Riza"]
[Black "Pasko, Llambi"]
[Result "1-0"]
[WhiteElo "2107"]
[BlackElo "2409"]
[PlyCount "76"]
[EventDate "2025.05.24"]
[EventType "team-tourn"]
[EventRounds "7"]
[EventCountry "KOS"]
[SourceTitle "CB23_2025"]
[SourceDate "2025.06.04"]
[SourceVersion "1"]
[SourceVersionDate "2025.06.04"]
[SourceQuality "1"]
[WhiteTeam "Zhupa"]
[BlackTeam "Drejtesia Trokadero"]
[WhiteTeamCountry "KOS"]
[BlackTeamCountry "KOS"]

1. e4 e5 2. Nf3 Nc6 3. Bc4 Bc5 4. c3 Nf6 5. d4 exd4 6. b4 Bb6 7. e5 d5 8. exf6 dxc4 9. Qe2+ Be6 10. b5 Qxf6 11. bxc6 dxc3 12. cxb7 Rb8 13. 0-0 0-0 14. Be3 Rxb7 15. Bxb6 Rxb6 16. Qe5 c2 17. Na3 Qxe5 18. Nxe5 Rd8 19. Nxc2 c3 20. Ne3 f6 21. Nf3 Rb2 22. Rfc1 Rd3 23. Ne1 Rdd2 24. Rxc3 Rxf2 25. Nd3 Rxa2 26. Rb1 Rfd2 27. Rb8+ Kf7 28. Rxc7+ Kg6 29. Nf4+ Kh6 30. h4 Ra3 31. Rb5 g5 32. hxg5+ fxg5 33. Nxe6 Rxe3 34. Nf8 Kh5 35. Rxh7+ Kg4 36. Rb4+ Kf5 37. Rf7+ Ke5 38. Re7+ Kd5 1-0

[Event "Olympiad-45"]
[Site "Budapest"]
[Date "2024.09.21"]
[Round "10.2"]
[White "Colindres, Daniel"]
[Black "Pasko, Llambi"]
[Result "0-1"]
[WhiteElo "2079"]
[BlackElo "2396"]
[PlyCount "72"]
[EventDate "2024.09.11"]
[EventType "team-swiss"]
[EventRounds "11"]
[EventCountry "HUN"]
[SourceTitle "EXT 2025"]
[Source "ChessBase"]
[SourceDate "2024.10.14"]
[SourceVersion "1"]
[SourceVersionDate "2024.10.14"]
[SourceQuality "1"]
[WhiteTeam "Honduras"]
[BlackTeam "Albania"]
[WhiteTeamCountry "HON"]
[BlackTeamCountry "ALB"]

1. e4 e5 2. Nf3 Nc6 3. Nc3 Nf6 4. Bb5 Nd4 5. 0-0 Nxb5 6. Nxb5 c6 7. Nc3 d6 8. d4 Qc7 9. Nh4 Be7 10. f4 Qb6 11. Nf3 Bg4 12. Be3 d5 13. fxe5 Nxe4 14. Qd3 Nxc3 15. bxc3 Bh5 16. Rab1 Qc7 17. c4 dxc4 18. Qxc4 0-0 19. Rf2 Rad8 20. Qb3 b6 21. c3 Qd7 22. Rbf1 h6 23. Nd2 Bg6 24. Rf3 c5 25. Rg3 Kh7 26. Nf3 cxd4 27. cxd4 Qd5 28. Qa4 a5 29. Nd2 Rc8 30. Qb3 Rfd8 31. Qxb6 Qxa2 32. h4 Bxh4 33. Rh3 Be7 34. Nb3 h5 35. Nxa5 Qd5 36. Nb3 Rb8 0-1

[Event "Olympiad-45"]
[Site "Budapest"]
[Date "2024.09.13"]
[Round "3.44"]
[White "Pasko, Llambi"]
[Black "Birhanu, Tegegn Mehadem"]
[Result "1-0"]
[WhiteElo "2396"]
[BlackElo "2077"]
[PlyCount "71"]
[EventDate "2024.09.11"]
[EventType "team-swiss"]
[EventRounds "11"]
[EventCountry "HUN"]
[SourceTitle "EXT 2025"]
[Source "ChessBase"]
[SourceDate "2024.10.14"]
[SourceVersion "1"]
[SourceVersionDate "2024.10.14"]
[SourceQuality "1"]
[WhiteTeam "Albania"]
[BlackTeam "Ethiopia"]
[WhiteTeamCountry "ALB"]
[BlackTeamCountry "ETH"]

1. d4 d5 2. c4 e6 3. Nf3 Nf6 4. Nc3 Bb4 5. Qb3 Nc6 6. Bg5 0-0 7. e3 a5 8. a3 Bxc3+ 9. Qxc3 h6 10. Bxf6 Qxf6 11. Bd3 Bd7 12. 0-0 Rfe8 13. e4 dxe4 14. Bxe4 Qf4 15. Rfe1 Rad8 16. g3 Qf6 17. Rad1 b6 18. Bc2 Bc8 19. Ba4 Bd7 20. Bc2 Bc8 21. Be4 Bd7 22. b4 axb4 23. axb4 Qe7 24. Rb1 Qf6 25. b5 Ne7 26. Ne5 Nf5 27. Rbd1 Bc8 28. f4 Nd6 29. Bc6 Re7 30. Rd2 Qf5 31. c5 Ne8 32. Be4 Qf6 33. Ng4 Red7 34. Nxf6+ Nxf6 35. Bc6 Re7 36. d5 1-0

[Event "Olympiad-45"]
[Site "Budapest"]
[Date "2024.09.12"]
[Round "2.24"]
[White "Naiditsch, Arkadij"]
[Black "Pasko, Llambi"]
[Result "1/2-1/2"]
[WhiteElo "2643"]
[BlackElo "2396"]
[PlyCount "174"]
[EventDate "2024.09.11"]
[EventType "team-swiss"]
[EventRounds "11"]
[EventCountry "HUN"]
[SourceTitle "EXT 2025"]
[Source "ChessBase"]
[SourceDate "2024.10.14"]
[SourceVersion "1"]
[SourceVersionDate "2024.10.14"]
[SourceQuality "1"]
[WhiteTeam "Bulgaria"]
[BlackTeam "Albania"]
[WhiteTeamCountry "BUL"]
[BlackTeamCountry "ALB"]

1. e4 e5 2. Nf3 Nc6 3. Bb5 a6 4. Ba4 Nf6 5. d3 b5 6. Bb3 Bc5 7. Nc3 h6 8. Nd5 d6 9. c3 Rb8 10. 0-0 0-0 11. d4 Ba7 12. dxe5 Nxe5 13. Nxe5 dxe5 14. Qf3 Nxd5 15. Bxd5 Qh4 16. a4 Bb6 17. h3 Be6 18. Rd1 Bxd5 19. Rxd5 Rfd8 20. axb5 axb5 21. Be3 Rxd5 22. exd5 Bxe3 23. Qxe3 Qe7 24. Ra5 Qd6 25. Qe4 g6 26. g4 Kg7 27. Kf1 Kg8 28. Ke2 Qc5 29. Ra6 Rd8 30. Rc6 Qxd5 31. Qxd5 Rxd5 32. Rxc7 Kg7 33. b4 Kf6 34. h4 Ke6 35. Rb7 e4 36. Ke3 Rd3+ 37. Kxe4 Rxc3 38. Rb6+ Kd7 39. Rxb5 Rc4+ 40. Kf3 h5 41. gxh5 gxh5 42. Kg3 Rg4+ 43. Kh3 Ke7 44. f3 Rc4 45. Kg3 Kf6 46. Rb8 Kf5 47. b5 f6 48. Rh8 Kg6 49. Rd8 Rc5 50. b6 Rb5 51. Rd6 Kf5 52. Kf2 Ke5 53. Rc6 f5 54. Ke3 Rb3+ 55. Kd2 Kf4 56. Rd6 Kg3 57. Kc2 Rb5 58. Kc3 f4 59. Kc4 Rb1 60. Kc5 Kxf3 61. Rd4 Kg4 62. Rc4 Kxh4 63. Rxf4+ Kg3 64. Rb4 Rc1+ 65. Kd6 Rc8 66. Rb3+ Kg2 67. Rb2+ Kg3 68. Rb3+ Kg2 69. b7 Rb8 70. Ke5 Kf2 71. Kf4 Ke2 72. Rb2+ Kd3 73. Ke5 Ke3 74. Rb3+ Kf2 75. Kf4 Ke2 76. Re3+ Kf2 77. Re7 h4 78. Kg4 h3 79. Kxh3 Kf3 80. Kh2 Kf4 81. Kg2 Kf5 82. Kf3 Kf6 83. Rh7 Ke5 84. Ke3 Kd5 85. Kd3 Kc6 86. Kc4 Rxb7 87. Rxb7 Kxb7 1/2-1/2

[Event "Olympiad-45"]
[Site "Budapest"]
[Date "2024.09.11"]
[Round "1.68"]
[White "Mahendra, Gurung"]
[Black "Pasko, Llambi"]
[Result "0-1"]
[WhiteElo "1725"]
[BlackElo "2396"]
[PlyCount "62"]
[EventDate "2024.09.11"]
[EventType "team-swiss"]
[EventRounds "11"]
[EventCountry "HUN"]
[SourceTitle "EXT 2025"]
[Source "ChessBase"]
[SourceDate "2024.10.14"]
[SourceVersion "1"]
[SourceVersionDate "2024.10.14"]
[SourceQuality "1"]
[WhiteTeam "Bhutan"]
[BlackTeam "Albania"]
[WhiteTeamCountry "BTN"]
[BlackTeamCountry "ALB"]

1. e4 e5 2. Nf3 Nc6 3. Bb5 a6 4. Be2 Nf6 5. d3 d5 6. Bg5 dxe4 7. Bxf6 Qxf6 8. dxe4 Qg6 9. Nbd2 Be6 10. g3 Rd8 11. c3 Be7 12. Qa4 0-0 13. 0-0 Bg4 14. Qc2 Qh5 15. Bd1 Rd6 16. Ne1 Rh6 17. Ndf3 f5 18. h4 g5 19. exf5 gxh4 20. Kg2 hxg3 21. fxg3 Qh3+ 22. Kf2 Bc5+ 23. Ke2 Qxg3 24. Qb3+ Kh8 25. Kd2 Qf4+ 26. Kc2 Bxf5+ 27. Nd3 Bxd3+ 28. Kxd3 Rd8+ 29. Kc2 Qe4+ 30. Kc1 Be3+ 31. Nd2 Bxd2# 0-1

[Event "FRM-chT 32nd"]
[Site "Struga"]
[Date "2024.07.30"]
[Round "7.2"]
[White "Pasko, Llambi"]
[Black "Djukic, Nikola"]
[Result "0-1"]
[WhiteElo "2392"]
[BlackElo "2532"]
[PlyCount "130"]
[EventDate "2024.07.24"]
[EventType "team-tourn"]
[EventRounds "9"]
[EventCountry "MKD"]
[SourceTitle "EXT 2025"]
[Source "ChessBase"]
[SourceDate "2024.10.14"]
[SourceVersion "1"]
[SourceVersionDate "2024.10.14"]
[SourceQuality "1"]
[WhiteTeam "Shipkovica Anpasan"]
[BlackTeam "Gostivar"]
[WhiteTeamCountry "MKD"]
[BlackTeamCountry "MKD"]

1. d4 Nf6 2. c4 e6 3. Nf3 d5 4. Nc3 Bb4 5. e3 0-0 6. Bd2 b6 7. a3 Bd6 8. Bd3 Bb7 9. 0-0 Nbd7 10. Qe2 c5 11. cxd5 exd5 12. Ba6 Qc8 13. Bxb7 Qxb7 14. dxc5 bxc5 15. b4 c4 16. Nd4 Rfe8 17. Rfd1 Ne5 18. Rab1 Nd3 19. Qf3 Be5 20. Nde2 Ne4 21. Nxe4 dxe4 22. Qh3 Qc6 23. b5 Qf6 24. f4 c3 25. Rf1 cxd2 26. fxe5 Qxe5 27. Nd4 Rac8 28. Rbd1 Rc1 29. Qd7 Rf8 30. Rxd2 Rxf1+ 31. Kxf1 Qxh2 32. Qh3 Qd6 33. Qf5 Re8 34. Rc2 g6 35. Qg4 Qxa3 36. Kg1 Qa1+ 37. Kh2 Re5 38. Qc8+ Kg7 39. Qc3 Rh5+ 40. Kg3 Rg5+ 41. Kh2 Qxc3 42. Rxc3 Ne1 43. Rc1 Rxg2+ 44. Kh1 Nd3 45. Kxg2 Nxc1 46. Nc6 Nd3 47. Nxa7 Nc5 48. Nc8 Nb7 49. Kg3 f5 50. Ne7 Kf6 51. Nd5+ Ke5 52. Nf4 Nc5 53. b6 Kd6 54. Kh4 Kc6 55. Kg5 Kxb6 56. Kh6 Nd3 57. Nh3 f4 58. exf4 e3 59. Ng1 Nxf4 60. Kxh7 g5 61. Kh6 g4 62. Kg5 Nh3+ 63. Kxg4 Nxg1 64. Kg3 Kc5 65. Kg2 e2 0-1

[Event "FRM-chT 32nd"]
[Site "Struga"]
[Date "2024.07.27"]
[Round "4.2"]
[White "Tomic, Aleksandar1"]
[Black "Pasko, Llambi"]
[Result "1/2-1/2"]
[WhiteElo "2331"]
[BlackElo "2392"]
[PlyCount "40"]
[EventDate "2024.07.24"]
[EventType "team-tourn"]
[EventRounds "9"]
[EventCountry "MKD"]
[SourceTitle "EXT 2025"]
[Source "ChessBase"]
[SourceDate "2024.10.14"]
[SourceVersion "1"]
[SourceVersionDate "2024.10.14"]
[SourceQuality "1"]
[WhiteTeam "Skopje Shkupi"]
[BlackTeam "Shipkovica Anpasan"]
[WhiteTeamCountry "MKD"]
[BlackTeamCountry "MKD"]

1. c4 Nf6 2. Nc3 c5 3. g3 g6 4. Bg2 Bg7 5. Nf3 d5 6. cxd5 Nxd5 7. 0-0 0-0 8. d3 Nxc3 9. bxc3 Nc6 10. Bd2 b6 11. Qc1 Bb7 12. Bh6 Qd6 13. Bxg7 Kxg7 14. Nd2 Rab8 15. f4 f5 16. Nc4 Qf6 17. Ne3 Nd8 18. Bxb7 Rxb7 19. Re1 Rd7 20. Qb2 Nc6 1/2-1/2

[Event "FRM-chT 32nd"]
[Site "Struga"]
[Date "2024.07.26"]
[Round "3.2"]
[White "Pasko, Llambi"]
[Black "Sedlak, Nikola"]
[Result "1-0"]
[WhiteElo "2392"]
[BlackElo "2426"]
[PlyCount "65"]
[EventDate "2024.07.24"]
[EventType "team-tourn"]
[EventRounds "9"]
[EventCountry "MKD"]
[SourceTitle "EXT 2025"]
[Source "ChessBase"]
[SourceDate "2024.10.14"]
[SourceVersion "1"]
[SourceVersionDate "2024.10.14"]
[SourceQuality "1"]
[WhiteTeam "Shipkovica Anpasan"]
[BlackTeam "Prilep Pelagon"]
[WhiteTeamCountry "MKD"]
[BlackTeamCountry "MKD"]

1. d4 Nf6 2. c4 g6 3. Nc3 d5 4. cxd5 Nxd5 5. e4 Nxc3 6. bxc3 Bg7 7. Nf3 Bg4 8. Be3 c5 9. Bb5+ Nc6 10. 0-0 0-0 11. d5 Ne5 12. Be2 Nxf3+ 13. Bxf3 Bxf3 14. Qxf3 Bxc3 15. Rab1 b6 16. Bxc5 Be5 17. Bb4 Qd7 18. Qd3 f5 19. d6 exd6 20. f4 Bg7 21. e5 Rf7 22. exd6 Rd8 23. Rfe1 Qa4 24. Qd5 Bf8 25. Re6 a5 26. Bd2 b5 27. Rc1 Bg7 28. Be3 Kh8 29. Rc7 Qb4 30. Bc5 Qb1+ 31. Kf2 Rxc7 32. dxc7 Rg8 33. Re2 1-0

[Event "KOS-chT"]
[Site "Pristina"]
[Date "2024.05.18"]
[Round "2.2"]
[White "Cetta, Ujkan"]
[Black "Pasko, Llambi"]
[Result "0-1"]
[WhiteElo "2050"]
[BlackElo "2387"]
[PlyCount "78"]
[EventDate "2024.05.17"]
[EventType "team-tourn"]
[EventRounds "7"]
[EventCountry "KOS"]
[SourceTitle "CBM 220 Extra"]
[Source "ChessBase"]
[SourceDate "2024.07.31"]
[SourceVersion "1"]
[SourceVersionDate "2024.07.31"]
[SourceQuality "1"]
[WhiteTeam "Peja"]
[BlackTeam "Drejtesia Trokadero"]
[WhiteTeamCountry "KOS"]
[BlackTeamCountry "KOS"]

1. e4 e5 2. Nf3 Nc6 3. Bc4 Bc5 4. Nc3 Nf6 5. d3 h6 6. h3 a6 7. a3 d6 8. Be3 Bxe3 9. fxe3 0-0 10. 0-0 Be6 11. Ba2 Bxa2 12. Rxa2 d5 13. exd5 Nxd5 14. Nxd5 Qxd5 15. Ra1 e4 16. Ne1 exd3 17. cxd3 Qe5 18. Nc2 Rad8 19. d4 Qe6 20. Qd3 Rfe8 21. Rae1 Re7 22. Rf2 Rd5 23. e4 Qg6 24. Qc4 Rg5 25. e5 Rg3 26. Kh2 Rd3 27. Re3 Rxe3 28. Nxe3 Qe4 29. Nf5 Rd7 30. Qc2 Qxc2 31. Rxc2 Kh7 32. Rc4 g6 33. Ne3 Rxd4 34. Rc5 Kg7 35. Kg3 Rd2 36. Nd5 Nxe5 37. Nxc7 Nc6 38. Nxa6 Rxb2 39. Rc3 Nd4 0-1

[Event "EU-chT 24th"]
[Site "Budva"]
[Date "2023.11.18"]
[Round "7.1"]
[White "Tomic, Aleksandar1"]
[Black "Pasko, Llambi"]
[Result "0-1"]
[WhiteElo "2411"]
[BlackElo "2395"]
[PlyCount "78"]
[EventDate "2023.11.11"]
[EventType "team-swiss"]
[EventRounds "9"]
[EventCountry "MNE"]
[SourceTitle "CBM 217 Extra"]
[Source "ChessBase"]
[SourceDate "2024.01.31"]
[SourceVersion "1"]
[SourceVersionDate "2024.01.31"]
[SourceQuality "1"]
[WhiteTeam "Montenegro Youth II"]
[BlackTeam "Albania"]
[WhiteTeamCountry "MNE"]
[BlackTeamCountry "ALB"]

1. d4 d5 2. c4 e6 3. Nf3 Nf6 4. g3 c6 5. Bg2 Bd6 6. Qc2 Nbd7 7. Nbd2 0-0 8. 0-0 Re8 9. b3 Qe7 10. Bb2 Ba3 11. Bxa3 Qxa3 12. e4 dxe4 13. Nxe4 Nxe4 14. Qxe4 a5 15. Qe3 a4 16. Qc3 b6 17. Rfd1 Bb7 18. Ne1 e5 19. Nc2 Qe7 20. b4 Rab8 21. c5 e4 22. Ne3 Nf6 23. Nf5 Qe6 24. Nd6 Re7 25. Re1 Nd5 26. Qc2 f5 27. Qxa4 Qf6 28. Qb3 Bc8 29. Nxc8 Rxc8 30. b5 Rb7 31. Bf1 bxc5 32. dxc5 f4 33. Rad1 e3 34. fxe3 fxg3 35. hxg3 Rf7 36. bxc6 Qf2+ 37. Kh1 Rxc6 38. Bh3 Rh6 39. Qb8+ Rf8 0-1

[Event "EU-chT 24th"]
[Site "Budva"]
[Date "2023.11.11"]
[Round "1.14"]
[White "Brkic, Ante"]
[Black "Pasko, Llambi"]
[Result "1-0"]
[WhiteElo "2622"]
[BlackElo "2395"]
[PlyCount "93"]
[EventDate "2023.11.11"]
[EventType "team-swiss"]
[EventRounds "9"]
[EventCountry "MNE"]
[SourceTitle "CBM 217 Extra"]
[Source "ChessBase"]
[SourceDate "2024.01.31"]
[SourceVersion "1"]
[SourceVersionDate "2024.01.31"]
[SourceQuality "1"]
[WhiteTeam "Croatia"]
[BlackTeam "Albania"]
[WhiteTeamCountry "CRO"]
[BlackTeamCountry "ALB"]

1. e4 e5 2. Nf3 Nc6 3. Bb5 a6 4. Ba4 Nf6 5. d3 b5 6. Bb3 Bc5 7. c3 d6 8. Bg5 h6 9. Bh4 0-0 10. 0-0 Bb6 11. a4 Rb8 12. Nbd2 g5 13. Bg3 Bg4 14. Kh1 Ne7 15. d4 Ng6 16. h3 Bh5 17. Qc2 Qe7 18. Rfe1 Kh8 19. axb5 axb5 20. Qd3 Rfd8 21. Ba2 c6 22. Bb3 Rg8 23. Bd1 Qe6 24. Bb3 Qe7 25. Bd1 Qe6 26. Nf1 g4 27. hxg4 Nxg4 28. Qd2 Kh7 29. N3h2 Nf6 30. Bxh5 Nxh5 31. Ne3 Ne7 32. Bh4 Ng6 33. Nf5 Nxh4 34. Nxh4 Bd8 35. Nf5 Bg5 36. Qe2 Nf4 37. Qf3 d5 38. g3 Ng6 39. Ng4 exd4 40. cxd4 Rbe8 41. e5 Ne7 42. Nd6 Ref8 43. Kg2 Ng6 44. Ra7 Be7 45. Qf5 Rg7 46. Rh1 Bg5 47. Qxg5 1-0

[Event "FRM-chT 31st"]
[Site "Ohrid"]
[Date "2023.08.30"]
[Round "5.2"]
[White "Pasko, Llambi"]
[Black "Petrov, Marian"]
[Result "1-0"]
[WhiteElo "2413"]
[BlackElo "2446"]
[PlyCount "103"]
[EventDate "2023.08.26"]
[EventType "team-tourn"]
[EventRounds "7"]
[EventCountry "MKD"]
[SourceTitle "CBM 216 Extra"]
[Source "ChessBase"]
[SourceDate "2023.11.30"]
[SourceVersion "1"]
[SourceVersionDate "2023.11.30"]
[SourceQuality "1"]
[WhiteTeam "Shipkovica Anpasan"]
[BlackTeam "Gostivar"]
[WhiteTeamCountry "MKD"]
[BlackTeamCountry "MKD"]

1. d4 d6 2. Nf3 g6 3. c4 Bg7 4. Nc3 e5 5. d5 f5 6. e4 Nf6 7. Bd3 0-0 8. Ng5 Na6 9. exf5 gxf5 10. Bc2 Qe7 11. 0-0 h6 12. Nf3 Nh7 13. Re1 Qf6 14. Nd2 Bd7 15. Nf1 Qh4 16. Ng3 Qxc4 17. Nxf5 Bxf5 18. Bxf5 Nc5 19. Qh5 Rf6 20. Bc2 b5 21. Qe2 Qxe2 22. Rxe2 a6 23. Be3 Rf7 24. Rc1 Nf6 25. b4 Ncd7 26. Bf5 Kh8 27. Ne4 Nxe4 28. Bxe4 Nb6 29. Bxb6 cxb6 30. Rc6 a5 31. Rxb6 axb4 32. Rxb5 Rc7 33. f3 Rc4 34. Rb6 Bf8 35. Rb7 Ra3 36. Kf2 Kg8 37. Kg3 Ra8 38. Kg4 Rac8 39. Rb2 Ra8 40. Kh5 Rac8 41. R2xb4 Rxb4 42. Rxb4 Kf7 43. Rb7+ Be7 44. h4 Ra8 45. g4 Kf6 46. Kxh6 Rh8+ 47. Bh7 Bf8+ 48. Kh5 Be7 49. g5+ Kf7 50. g6+ Kf6 51. Rxe7 Kxe7 52. g7 1-0

[Event "EU-ch Cities&Town op"]
[Site "Tornelo INT"]
[Date "2023.01.29"]
[Round "?"]
[White "Pasko, Llambi"]
[Black "Kourkoulos Arditis, Stamatis"]
[Result "1-0"]
[WhiteElo "2413"]
[BlackElo "2537"]
[PlyCount "81"]
[EventDate "2023.01.29"]
[EventType "team-swiss"]
[EventRounds "9"]
[EventCountry "NET"]
[SourceTitle "CBM 212 Extra"]
[Source "ChessBase"]
[SourceDate "2023.03.31"]
[SourceVersion "1"]
[SourceVersionDate "2023.03.31"]
[SourceQuality "1"]
[WhiteTeam "Tirana"]
[BlackTeam "Athens Kallithea"]
[WhiteTeamCountry "ALB"]
[BlackTeamCountry "GRE"]

1. d4 c5 2. d5 g6 3. c4 Bg7 4. Nc3 Nf6 5. e4 d6 6. Nf3 0-0 7. Be2 e6 8. 0-0 exd5 9. cxd5 Bg4 10. Qb3 Qe7 11. h3 Bxf3 12. Bxf3 Na6 13. Bf4 Rfb8 14. Nb5 Ne8 15. Rfe1 Be5 16. Bxe5 Qxe5 17. a4 Nb4 18. Na3 f6 19. Nc4 Qe7 20. Bg4 Nc7 21. f4 b5 22. axb5 Nxb5 23. e5 f5 24. exd6 Qf6 25. Bf3 Qd4+ 26. Kh1 Nd3 27. Ne5 Nxe1 28. Rxe1 Nxd6 29. Qa3 Rxb2 30. Nc6 Qf2 31. Qc3 Re8 32. Rxe8+ Nxe8 33. d6 Rd2 34. Ne7+ Kf7 35. Bd5+ Rxd5 36. Nxd5 Qa2 37. Qe5 Qb1+ 38. Kh2 Qb7 39. Nc7 Nxc7 40. Qe7+ Kg8 41. Qxc7 1-0

[Event "FRM-chT 30th"]
[Site "Struga"]
[Date "2022.10.19"]
[Round "6.2"]
[White "Pasko, Llambi"]
[Black "Arnaudov, Petar G"]
[Result "1/2-1/2"]
[WhiteElo "2419"]
[BlackElo "2472"]
[PlyCount "32"]
[EventDate "2022.10.14"]
[EventType "team-tourn"]
[EventRounds "7"]
[EventCountry "MKD"]
[SourceTitle "CBM 210 Extra"]
[Source "ChessBase"]
[SourceDate "2022.11.30"]
[SourceVersion "1"]
[SourceVersionDate "2022.11.30"]
[SourceQuality "1"]
[WhiteTeam "Shipkovica Anpasan"]
[BlackTeam "Skopje Gambit Asseko"]
[WhiteTeamCountry "MKD"]
[BlackTeamCountry "MKD"]

1. d4 d5 2. c4 dxc4 3. e3 e5 4. Bxc4 Nc6 5. Nf3 e4 6. Nfd2 Qg5 7. Kf1 Nf6 8. Nc3 Bf5 9. f4 Qg6 10. Qb3 Ng4 11. Nd1 0-0-0 12. h3 Qh6 13. Kg1 Nxe3 14. Nxe3 Qxf4 15. Nc2 Nxd4 16. Nxd4 Bc5 1/2-1/2

[Event "FRM-chT 30th"]
[Site "Struga"]
[Date "2022.10.16"]
[Round "3.2"]
[White "Pasko, Llambi"]
[Black "Sukovic, Andrej"]
[Result "0-1"]
[WhiteElo "2419"]
[BlackElo "2248"]
[PlyCount "64"]
[EventDate "2022.10.14"]
[EventType "team-tourn"]
[EventRounds "7"]
[EventCountry "MKD"]
[SourceTitle "CBM 210 Extra"]
[Source "ChessBase"]
[SourceDate "2022.11.30"]
[SourceVersion "1"]
[SourceVersionDate "2022.11.30"]
[SourceQuality "1"]
[WhiteTeam "Shipkovica Anpasan"]
[BlackTeam "Kumanovo Fisher"]
[WhiteTeamCountry "MKD"]
[BlackTeamCountry "MKD"]

1. d4 Nf6 2. c4 g6 3. Nc3 Bg7 4. e4 d6 5. Nf3 0-0 6. Be2 e5 7. 0-0 Nc6 8. d5 Ne7 9. Ne1 Nd7 10. Be3 f5 11. f3 f4 12. Bf2 g5 13. Nd3 Nf6 14. c5 Ng6 15. Rc1 Rf7 16. a4 h5 17. cxd6 cxd6 18. Nb5 a6 19. Na3 g4 20. Qe1 Bd7 21. a5 h4 22. Bxh4 g3 23. Bg5 Bh6 24. Bxf6 Qxf6 25. h3 Qh4 26. Qd2 Bxh3 27. gxh3 Qxh3 28. Bd1 Nh4 29. Re1 Bg5 30. Nc4 Rh7 31. Nxd6 g2 32. Nxe5 Qg3 0-1

[Event "FRM-chT 30th"]
[Site "Struga"]
[Date "2022.10.14"]
[Round "1.2"]
[White "Pasko, Llambi"]
[Black "Nedev, Trajce"]
[Result "1-0"]
[WhiteElo "2419"]
[BlackElo "2475"]
[PlyCount "91"]
[EventDate "2022.10.14"]
[EventType "team-tourn"]
[EventRounds "7"]
[EventCountry "MKD"]
[SourceTitle "CBM 210 Extra"]
[Source "ChessBase"]
[SourceDate "2022.11.30"]
[SourceVersion "1"]
[SourceVersionDate "2022.11.30"]
[SourceQuality "1"]
[WhiteTeam "Shipkovica Anpasan"]
[BlackTeam "Skopje Alkaloid"]
[WhiteTeamCountry "MKD"]
[BlackTeamCountry "MKD"]

1. d4 Nf6 2. c4 g6 3. Nc3 Bg7 4. e4 d6 5. Nf3 0-0 6. Be2 e5 7. 0-0 Nc6 8. d5 Ne7 9. Ne1 Nd7 10. Be3 f5 11. f3 f4 12. Bf2 g5 13. a4 a5 14. Nd3 b6 15. b4 axb4 16. Nxb4 Nc5 17. Nd3 Nb7 18. Nc1 Bd7 19. Nb3 Rf6 20. Nb5 Rh6 21. Qc2 Kh8 22. Rfc1 Na5 23. Nxa5 Rxa5 24. Be1 Qe8 25. Bf1 g4 26. fxg4 Bxg4 27. h3 Bd7 28. Bxa5 bxa5 29. Ra3 Qg6 30. c5 Bxh3 31. cxd6 cxd6 32. Qc7 Bf6 33. Nxd6 Bg4 34. Qd8+ Ng8 35. Qe8 Be7 36. Qxg6 Rxg6 37. Nf7+ Kg7 38. d6 Kxf7 39. dxe7 Nxe7 40. Rc5 Rb6 41. Bc4+ Be6 42. Bxe6+ Kxe6 43. Rxa5 Rb1+ 44. Kh2 Nc6 45. Ra6 Kd7 46. Rh3 1-0

[Event "Olympiad-44"]
[Site "Chennai"]
[Date "2022.08.02"]
[Round "5.1"]
[White "Hossain, Enamul"]
[Black "Pasko, Llambi"]
[Result "1-0"]
[WhiteElo "2377"]
[BlackElo "2418"]
[PlyCount "95"]
[EventDate "2022.07.29"]
[EventType "team-swiss"]
[EventRounds "11"]
[EventCountry "IND"]
[SourceTitle "CBM 210"]
[Source "ChessBase"]
[SourceDate "2022.10.31"]
[SourceVersion "1"]
[SourceVersionDate "2022.10.31"]
[SourceQuality "1"]
[WhiteTeam "Bangladesh"]
[BlackTeam "Albania"]
[WhiteTeamCountry "BAN"]
[BlackTeamCountry "ALB"]

1. e4 c6 2. d4 d5 3. e5 Bf5 4. Nd2 e6 5. Nb3 Nd7 6. Nf3 h6 7. Be2 Ne7 8. 0-0 g5 9. a4 Ng6 10. Ne1 h5 11. Bxh5 g4 12. Bxg4 Qh4 13. h3 Bxg4 14. Qxg4 Qh7 15. Nf3 Ne7 16. c3 Qc2 17. Nbd2 Bh6 18. Ne1 Qh7 19. Ndf3 Bxc1 20. Rxc1 0-0-0 21. Ng5 Qg6 22. f4 Nf5 23. Rf2 c5 24. Qf3 Kb8 25. Qd3 Qg7 26. a5 Rc8 27. Rfc2 Nf8 28. a6 c4 29. Qf3 bxa6 30. b3 cxb3 31. Rb1 Nd7 32. Rxb3+ Nb6 33. Ra2 Rc6 34. Nd3 Rhc8 35. Nb4 Rc4 36. Nxa6+ Ka8 37. Nc5 Rc6 38. Qd1 f6 39. exf6 Qxf6 40. Qa1 Qe7 41. Ngxe6 Kb8 42. Qe1 R6xc5 43. dxc5 Re4 44. Qf2 Qxe6 45. cxb6 a6 46. b7 d4 47. Rb1 dxc3 48. Qa7+ 1-0